Statistiques concernant Les 20 préfectures les plus proches d'Agen

Cliquez ici pour prendre le quiz!

Statistiques générales

  • Ce quiz a été pris 109 fois
  • Le résultat moyen est 17 sur 20

Statistiques - réponses

distance (en km)ville préfecture% Correct
119Bordeaux
99%
93Toulouse
99%
129Pau
93%
110Perigueux
91%
96Mont de Marsan
90%
189Limoges
89%
62.85Montauban
88%
126Albi
87%
70Cahors
85%
156Rodez
82%
248Perpignan
80%
116Tarbes
80%
62.82Auch
79%
166Angouleme
78%
165Aurillac
78%
177Carcassonne
77%
160Foix
77%
149Tulle
76%
240Gueret
74%
231Mende
67%

Distribution des résultats

Percentile par nombre de réponses

% des personnes avec chaque résultat

Votre développement - résultats

Vous n’avez pas pris ce quiz